Porovnanie vybraných kalkulačných metód na podmienkach konkrétneho podniku

Problematika kalkulácie nákladov. Porovnanie súčasne využívanej kalkulačnej metódy a návrh nových prístupov ku kalkulácii nákladov. Vyčíslenie nákladov na dva výrobky, ktoré sledovaný podnik vyrába, prostredníctvom metódy kalkulácie nákladov podľa čiastkových činností.

Saved in:
Bibliographic Details
Main Author: Meheš, Marek
Format: Book Chapter
Language:Slovak
Subjects:
Tags: Add Tag
No Tags, Be the first to tag this record!

MARC

LEADER 00000naa$a2200000$$$4500
001 0260164
005 20240502074120.8
041 0 |a slo 
044 |a SK 
245 1 0 |a Porovnanie vybraných kalkulačných metód na podmienkach konkrétneho podniku  |c Marek Meheš 
520 |a Problematika kalkulácie nákladov. Porovnanie súčasne využívanej kalkulačnej metódy a návrh nových prístupov ku kalkulácii nákladov. Vyčíslenie nákladov na dva výrobky, ktoré sledovaný podnik vyrába, prostredníctvom metódy kalkulácie nákladov podľa čiastkových činností. 
610 2 0 |a náklady 
610 2 0 |a metódy kalkulačné 
610 2 0 |a podnik 
100 1 |a Meheš, Marek